| RUSMARC |
| 000 | | | 04678nmc2a2200000 x 450 | | 001 | | | 60002680-f919-419a-b2ea-5073ad50bfa0 | | 005 | | | 20151215095813.0 | | 100 | ## | $a | 20150824l18241824k l0rusy0189 ca | | 101 | 0# | $a | rus | | 102 | ## | $a | RU | | 200 | 1# | $a | Дело о приеме в Медицинский институт Дерптского университета 12-ти воспитанников | | | $j | 3-13 февраля 1824 г. | | 251 | ## | $c | Дело | | 300 | ## | $a | Дело | | 300 | ## | $a | Ориг. заголовок дела: Дело по представлению попечителя Дерптского учебного округа о приеме в Медицинский институт Дерптского университета новых 12-ти воспитанников. Гедехень, Глезер, Горвиц, Кербер, Менбо, Петерсон, Розендорф, Томас Густав, Томас Адольф, Шульц, Штерн, Шильгорн. Тут же положение университета, утвержденное министром на счет приема воспитанников на казенное содержание и о вознаграждении тех, которые до вступления на счет казны употребили на учение свои деньги. 3 февраля 1824 г. - 13 февраля 1824 г | | 801 | #0 | $a | RU | | | $b | РГИА | | | $c | 20150824 | | | $g | RCR | | 801 | #1 | $a | RU | | | $b | ГлавНИВЦ | | | $c | 20150824 | | | $2 | rusmarc | | 801 | #2 | $a | RU | | | $b | ПБ им. Б.Н. Ельцина | | | $c | 20151215 | | | $g | RCR | | | $2 | rusmarc | | 850 | ## | $a | РГИА | | 852 | ## | $a | РГИА | | | $e | Федеральное казенное учреждение "Российский государственный исторический архив" (РГИА) | | | $j | 151 | | 937 | ## | $h | РГИА | | | $d | 12087959 | | | $a | ASBIBLIO_SCAN | | 462 | #0 | $1 | 00110dcdccd-ec79-4ee8-a204-b9d031b41c04 | | | $1 | 2001 | | | $a | Медицинские дела Департамента народного просвещения | | | $1 | 251 | | | $c | Опись | | | $1 | 852 | | | $j | 99 | | 461 | #0 | $1 | 001a74412a3-3cc5-4d21-8f0a-dfe2fbd9e72d | | | $1 | 2001 | | | $a | Департамент народного просвещения Министерства народного просвещения | | | $1 | 251 | | | $c | Фонд | | | $1 | 852 | | | $j | 733 | | 215 | ## | $a | 6 л. | | | $d | 36,5x26 см | | 371 | ## | $a | Документ не является опубликованным и широко распространяемым | | 517 | 1# | $a | Дело по представлению попечителя Дерптского учебного округа о приеме в Медицинский институт Дерптского университета новых 12-ти воспитанников. Гедехень, Глезер, Горвиц, Кербер, Менбо, Петерсон, Розендорф, Томас Густав, Томас Адольф, Шульц, Штерн, Шильгорн. Тут же положение университета, утвержденное министром на счет приема воспитанников на казенное содержание и о вознаграждении тех, которые до вступления на счет казны употребили на учение свои деньги. 3 февраля 1824 г. - 13 февраля 1824 г | | 105 | ## | $a | у### | | 122 | 2# | $a | d | | 035 | ## | $a | 60002680-f919-419a-b2ea-5073ad50bfa0 |
|